00900nam a2200265 a 4500001001000000003000900010005001700019007000300036008004100039040002500080082001500105245005700120260006100177300003500238490003500273500004300308504003200351590002700383700002700410830003900437910001400476942001400490952011300504999001700617000027383DO-SdBNP20220822144637.0ta110331s1944 mx a 000 0 spa d aDO-SdBNPbspacBNPHU axxxxbH83100aHostos /cprólogo y selección de Pedro del Alba. aMéxico, :bSecretaria de Educación Pública,c1944. axxvix, 264 p. :bil. ;c23 cm.1 aEl pensamiento de América ;  aIncluye notas al pie de las páginas. aBibliografía : p. 263-264 aInventariado, 2022/ YL1 aAlba, Pedro del954456 pEl pensamiento de América982220 aYLockward 2ddccLBS1 00102ddc51708GR-RVaBNPHUbBNPHUcCTd2011-03-31iLF1oxxxx H831p27383-10r2020-06-25w2020-06-25yLBS1 c26875d26875